000 00746nam a2200241Ia 4500
003 OSt
005 20220925235356.0
006 a|||||r|||| 00| 0
007 ta
008 220923b |||||||| |||| 00| 0 eng d
037 _cGeneral Book
040 _aRTL
_cRTL
_beng
041 _2eng
_aeng
082 _aX9(E).23156.N70<N67r, L0
110 _aCOUNCIL SCIENTIFIC AND INDUSTRIAL RESEARCH
_9301253
245 0 _aNational chemical laboratory Poona, 1967-68.
260 _a New Delhi
_bCSIR
_c1970
300 _axii,143p.
_ccm.
500 _aAppendices :93-143p.
700 _aCOUNCIL SCIENTIFIC AND INDUSTRIAL RESEARCH
_9301254
942 _hX9(E).23156.N70<N67r, L0
_cGB
_2CC
999 _c597266
_d597266